000 01036nam a2200289 a 4500
001 000034462
003 DO-SdBNP
005 20250924073803.0
007 ta
008 100804s1992 dr g 000 0 spa d
040 _aDO-SdBNP
_bspa
_cBNPHU
082 4 _a780.264
_bH557m
_222
100 1 _aHernández, Julio Alberto,
_d1900-1999
_954416
245 1 0 _aMúsica dominicana /
_cJulio Alberto Hernández ; presentación Julio Ravelo Astacio.
260 _aSanto Domingo :
_bUnivesitaria UASD,
_c1992.
300 _a194 p. :
_bil., mús. ;
_c27 cm.
490 1 _aPublicaciones de la Universidad Autónoma de Santo Domingo
_v670
490 1 _aArte y sociedad
_v34
590 _aInventariado, 2022/MFF
650 4 _aMúsica dominicana
_91340
650 4 _aLectura y ejecución de partituras
_982990
700 1 _aRavelo Astacio, Julio
_925963
830 _aPublicaciones de la Universidad Autónoma de Santo Domingo
_v670
_952
830 0 _aArte y sociedad
_v34
_924375
910 _aValidado. Control de calidad MFF
942 _2ddc
_cLBS1
999 _c33953
_d33953